Modern public economics. (Record no. 784053)

MARC details
000 -LEADER
fixed length control field 00738nam a2200265Ia 4500
003 - CONTROL NUMBER IDENTIFIER
control field OSt
005 - DATE AND TIME OF LATEST TRANSACTION
control field 20220928125747.0
008 - FIXED-LENGTH DATA ELEMENTS--GENERAL INFORMATION
fixed length control field 220927b |||||||| |||| 00| 0 eng d
037 ## - SOURCE OF ACQUISITION
Terms of availability Textual
040 ## - CATALOGING SOURCE
Original cataloging agency SDCL
Transcribing agency SDCL
Language of cataloging eng
041 ## - LANGUAGE CODE
Source of code eng
Language code of text/sound track or separate title eng
100 ## - MAIN ENTRY--PERSONAL NAME
Personal name Jha Raghbendra
9 (RLIN) 373648
245 #0 - TITLE STATEMENT
Title Modern public economics.
250 ## - EDITION STATEMENT
Edition statement 2
260 ## - PUBLICATION, DISTRIBUTION, ETC.
Place of publication, distribution, etc. London
Name of publisher, distributor, etc. Routledge
Date of publication, distribution, etc. 2010
300 ## - PHYSICAL DESCRIPTION
Extent xviii,623p
Dimensions cm.
650 ## - SUBJECT ADDED ENTRY--TOPICAL TERM
Topical term or geographic name entry element Buisness Economics
942 ## - ADDED ENTRY ELEMENTS (KOHA)
Classification part X7, Q0
Koha item type Textual
Source of classification or shelving scheme Colon Classification (CC)
Holdings
Withdrawn status Lost status Damaged status Not for loan Home library Current library Date acquired Source of acquisition Cost, normal purchase price Total Checkouts Full call number Barcode Date last seen Cost, replacement price Price effective from Koha item type
        South Campus Library South Campus Library 2022-09-28 832, 15/12/2009, Ashutosh Technical Books 2892.00   X7 Q0 SC1468886 2022-09-28 2892.00 2022-09-28 Textual
Copyright @ Delhi University Library System